| 000 | 00631cam a22002293a 4500 | ||
|---|---|---|---|
| 001 | 19980 | ||
| 003 | PGUSA | ||
| 005 | 20140828083425.0 | ||
| 008 | 061130s2006||||xxu|||||s|||||000 | eng d | ||
| 040 |
_aPGUSA _beng |
||
| 042 | _adc | ||
| 050 | 4 | _aN | |
| 100 | 1 |
_aRuskin, John, _d1819-1900 |
|
| 245 | 1 | 2 |
_aA Joy For Ever : _b(And Its Price in the Market) _h[electronic resource] / _cJohn Ruskin |
| 260 |
_bProject Gutenberg, _c2006 |
||
| 506 | _aPublic domain in the USA. | ||
| 516 | _aElectronic text | ||
| 653 | _aArt | ||
| 830 | 0 |
_aProject Gutenberg _v19980 |
|
| 856 | 4 | 0 | _uhttp://www.gutenberg.org/ebooks/19980 |
| 942 | _cEB | ||
| 999 |
_c249235 _d249235 |
||